LEADER 01492nam a2200253 i 4500 001 000000178690 003 CaOOAMICUS 005 20090406000000.0 008 090406s1987 it u000 u mul u 013 $a156264 040 $aSeMil$bita 100 1 $aMaccarrone, Michele,$c.$0(OLS)http://semarc/name/2256 245 10$aEchanges religieux entre la France et l'Italie :$bdu Moyen Age à l'époque moderne = Relazioni e affinità religiose tra Francia e Italia : dal Medioevo all'epoca moderna /$cEtudes rassemblées par Mgr M. Maccarrone et A. Vauchez. 246 01$aRelazioni e affinità religiose tra Francia e Italia : dal Medioevo all'epoca moderna 260 $aGenève :$bSlatkine,$c1987. 300 $a382 p. ;$c22 cm. 490 0 $aBibliothèque Franco Simone ;$v16 700 1 $aVauchez, André,$d<1938- >.$0(OLS)http://semarc/name/1418 830 0$aBibliothèque Franco Simone ;$v16.$0(OLS)http://semarc/title/27793 850 $aSeMil 852 $aSeMil$W1$xVenegono$y1$m3A IV 200$j129461$B129461$CSeMilBibl$Z2$F140802 $81 996 $6245$aEchanges religieux entre la France et l'Italie :$bdu Moyen Age à l'époque moderne = Relazioni e affinità religiose tra Francia e Italia : dal Medioevo all'epoca moderna$9(OLS)http://semarc/title/256652 996 $6246$aRelazioni e affinità religiose tra Francia e Italia : dal Medioevo all'epoca moderna$9(OLS)http://semarc/title/256653 996 $6260$aGenève :$bSlatkine$9(OLS)http://semarc/publisher/35435 LEADER 00920nam a2200229 i 4500 001 000000062796 003 CaOOAMICUS 005 20130603000000.0 008 130603s1952 xx u000 u fre u 013 $a33968 040 $aSeMil$bita 100 1 $aMouroux, Jean,$c.$0(OLS)http://semarc/name/16383 245 12$aL'expérience chrétienne :$bintroduction a une théologie /$cJean Mouroux. 260 $aParis :$bAubier,$ccopyr. 1952. 300 $a376 p. ;$c23 cm. 490 0 $aThéologie ;$v26 650 4$aTeologia.$0(OLS)http://semarc/subject/27 830 0$aThéologie ;$v26.$0(OLS)http://semarc/title/426 850 $aSeMil 852 $aSeMil$W1$xVenegono$y1$m2M II 76$j28949$B28949$CSeMilBibl$Z2$F28952 $81 996 $6245$aL'expérience chrétienne :$bintroduction a une théologie$9(OLS)http://semarc/title/98932 996 $6260$aParis :$bAubier$9(OLS)http://semarc/publisher/30108